| 000 | 00513cam a22001691 4500 | ||
|---|---|---|---|
| 082 |
_a620.0042 _bENG _cL-21, P-6 |
||
| 100 | 1 |
_aGreenwood, Douglas C., _940529 |
|
| 245 | 1 | 0 |
_aEngineering data for product design. _cDouglas C. Greenwood |
| 260 |
_aNew York, _bMcGraw-Hill, _c1961. |
||
| 300 |
_aix, 430 p. _billus. _c29 cm. |
||
| 526 |
_a0 _b0 _c0 _d620_004200000000000_ENG |
||
| 650 | 0 | _aEngineering | |
| 650 | 0 |
_aIndustrial design _92472 |
|
| 650 | 0 |
_aMCE _9379 |
|
| 650 | 0 |
_aProduct design _918926 |
|
| 942 |
_2ddc _cBK |
||
| 999 |
_c544790 _d544790 |
||